Natural rubber - Technologists point of view (Record no. 63451)

MARC details
000 -LEADER
fixed length control field 00398nam a2200145Ia 4500
100 ## - MAIN ENTRY--AUTHOR NAME
Personal name Fernando W S E
245 #0 - TITLE STATEMENT
Title Natural rubber - Technologists point of view
260 ## - PUBLICATION, DISTRIBUTION, ETC. (IMPRINT)
Name of publisher Bulletin of the Rubber Research Institute of Sri Lanka
Year of publication 1988
300 ## - PHYSICAL DESCRIPTION
Number of Pages 33-41
650 ## - SUBJECT ADDED ENTRY--TOPICAL TERM
Topical Term Ageing
650 ## - SUBJECT ADDED ENTRY--TOPICAL TERM
Topical Term Natural rubber
650 ## - SUBJECT ADDED ENTRY--TOPICAL TERM
Topical Term Sri Lanka
942 ## - ADDED ENTRY ELEMENTS (KOHA)
Koha item type Journals
Holdings
Withdrawn status Lost status Damaged status Not for loan Home library Current library Shelving location Date acquired Serial Enumeration / chronology Koha item type
      Journals RRII Library RRII Library Rubber chemistry 17/12/2021 Volume 25, Issue Journals